000 01227nam2a2200265 4500
001 RU\NLR\bibl\847428
005 20250614150911.0
035 _a(NLR Aleph) 000836197
090 _a1391752
_c1391752
100 _a20051003d1994 |||y0rusy50 ca
101 0 _arus
102 _aRU
105 _ay |||||||||
200 0 _a1989-1993 гг.
_f[сост. Вивчар Т.А. и др.
_gнауч. ред. А.Е. Когут, Н.Н. Прунова]
210 _d1994
_aБ. м.
215 _a65 с.
320 _aАвт. указ.: с. 57-64
461 0 _1001RU\NLR\bibl\898578
_12001#$aНаучные труды ИСПЭ РАН$v1989-1993 гг.
_91694740
_aИнститут социально-экономических проблем (Санкт-Петербург)
_cСанкт-Петербург
_d1994
_fРос. акад. наук, Ин-т социал.-экон. пробл.
_nПетербургэкономстат
_oбиблиографический указатель
_tНаучные труды ИСПЭ РАН
_v1989-1993 гг.
702 1 _aВивчар
_bТ. А.
_4220
702 1 _aКогут
_bА. Е.
_4340
801 0 _aRU
_bNLR
_c20051003
_grcr
801 1 _aRU
_bNLR
_c20051003
942 _cBOOK
980 _aNB